• 首页
  • 本馆介绍
  • 公告通知
  • 最新文献
  • 馆藏检索
  • 电子资源
  • 读者导购
  • 参考咨询
  • 我的图书馆
  • 登录
  • 详细信息显示
  • 放入我的书架
  • 预约/预借图书
  • 作者相关作品
  • 分类相关作品
  • 丛书相关作品
  • 出版社相关作品

书目信息

  • 表格格式
  • 工作单格式
  • 卡片格式
书名: Economic issues and policy
作者: Jacqueline Murray Brux
分册号:
分册名:
出版地: Mason, Ohio :
 
出版社: Thomson/South-Western
出版时间: 2004.
页数: 185 p. :
开本: 24 cm.
丛书名:
中图分类号:
科图分类号:
其他分类号: F110
主题词:
电子资源:
000 00990nam 2200289 a 4500
001 E0731949542
004 001070541
005 20070317090725.78
008 4001uueng0000000
008 001 0 eng
008 4002004 00000
010    @a2003116699
020    @a0-324-24781-8.
035    @a(DLC) 2003116699
040    @aDLC @cDLC @dDLC @dCcBjTSG
090    @aF110
099    @dF110@ex11
100 1  @aBrux, Jacqueline Murray.
245 10 @aEconomic issues and policy / @cJacqueline Murray Brux
250    @a3rd ed.
260    @aMason, Ohio :@bThomson/South-Western,@c2004.
300    @a185 p. :@bill. ;@c24 cm.
504    @aIncludes bibliographical references and index.
650  0 @aEconomics.
650  0 @aEconomic policy. @b01 @c20040801 @lNLC09 @h1443 @b01 @c20040801 @lNLC09 @h1511 @b01 @c20040801 @lNLC09 @h1511 @b40 @c20041227 @lNLC09 @h1328 @b40 @c20050113 @lNLC09 @h1441
700    @aBrux,Jacqueline Murray
852 0  @bWWDY @k2-2005 @hF110 @iB913/2005
    
    Economic issues and policy / / Jacqueline Murray Brux.-3rd ed.-Mason, Ohio : : Thomson/South-Western, , 2004.
    185 p. : : ill. ; ; 24 cm.
    Includes bibliographical references and index.
    
    ISBN 0-324-24781-8.
    
●
相关链接 在E读中查询图书 在五车中查询图书 在当当中查询图书 在豆瓣中查询图书


正题名:Economic issues and policy     索取号:F110/x11         预约/预借

序号 登录号 条形码 馆藏地/架位号 状态 备注
1 0002493   300024934   第二样本阅览室/ [索取号:F110/x11] 在馆    
2 0002494   300024943   第四借阅区/ [索取号:F110/x11] 在馆    
唐山师范学院图书馆 欢迎您!
大连网信软件有限公司© 版权所有